Catalog

Record Details

Catalog Search



Vyznání víry a zřízení svobodné reformované církve  Cover Image Book Book

Vyznání víry a zřízení svobodné reformované církve / Svobodná církev reformovaná

Record details

  • Physical Description: 32 s.
  • Publisher: Praha Svobodná církev reformovaná 1904

Available copies

  • 2 of 2 copies available at Common Catalog SPOK.

Holds

  • 0 current holds with 2 total copies.
Show Only Available Copies
Location Call Number / Copy Notes Barcode Shelving Location Status Due Date
ETS Library 262.98995 424470006477 Volný výběr Available -
ETS Library 262.98995 424470012181 Volný výběr Available -

LDR 00782nam a2 00241
00132670
003CZ-PrJAB
00520100818000000.0
008040210s1904 xr e |||| |cze
009cz
035 . ‡a(CONS)9916
035 . ‡aKPS12098
040 . ‡aABG450
041 . ‡acze
08214. ‡a262.98995
110 . ‡aSvobodná církev reformovaná
245 . ‡aVyznání víry a zřízení svobodné reformované církve / ‡cSvobodná církev reformovaná
260 . ‡aPraha ‡bSvobodná církev reformovaná ‡c1904
300 . ‡a32 s.
653 . ‡aVyznání víry a zřízení svobodné reformované církve
8524 . ‡bETS ‡bETS ‡cVolný výběr ‡j262.98995 ‡gA ‡p424470012181
8524 . ‡bETS ‡bETS ‡cVolný výběr ‡j262.98995 ‡gP ‡p424470006477 ‡xreference
910 . ‡aABG450
999 . ‡a9916 ‡bAUTOGEN ‡c9916 ‡tbiblio
905 . ‡uadmin
901 . ‡a32670 ‡b ‡c32670 ‡tbiblio ‡sets

Additional Resources